000 00717nam a2200217Ii 4500
003 JO-AjNU
008 230605s9999||||xx |||||||||||||| ||und||
017 _a2007/12/3652
040 _aJO-AjNU
_bara
_erda
_cJO-AjNU
041 _aara
050 1 4 _aLB2395.M34 2008
100 3 _aمجيد،سوسن شاكر,
_eauthor
_928594
245 0 0 _aتنمية مهارات التفكير الإبداعي الناقد
250 _aط1
264 3 1 _aعمان:دار الصفاء،2008
300 _a336ص
336 _atext
_btxt
_2rdacontent
337 _aunmediated
_bn
_2rdamedia
338 _avolume
_bnc
_2rdacarrier
650 4 _aالإبداع-جوانب نفسية. التفكير-جوانب نفسية
_928595
999 _aA11110
_c14678
_d14678